000
00312nam a22001337a 4500
008
170628b xxu||||| |||| 00| 0 eng d
020
_a
9780312248734
041
_a
eng
080
_a
82
100
_a
21
101
_a
gjl
245
_a
THE BEDFORD ANTHOLOGY WORLD LITERATURE
_c
DAVIS.P
942
_2
udc
_c
BK
999
_c
19353
_d
19353